| 000 | 00564nam a22001697a 4500 | ||
|---|---|---|---|
| 005 | 20251108172548.0 | ||
| 008 | 250721s1999 xx 000 0 ara d | ||
| 082 | 1 | 4 | _a020/ندو |
| 245 | 1 | 0 | _aأبحاث و دراسات : ندوة المكتبات في بلاد الشام الأولى / |
| 264 | 1 |
_aعمان : _bجمعية المكتبات الأردنية، _c1999. |
|
| 300 | _a385 ص | ||
| 650 | 1 | 7 | _aعلم المكتبات |
| 650 | 1 | 7 | _aالمؤتمرات |
| 710 | 2 | _aجمعية المكتبات الأردنية | |
| 942 |
_2ddc _cBK |
||
| 999 |
_c82601 _d82601 |
||